Guess the actress - over 40 - Statistics

General Stats
  • This quiz has been taken 42 times
  • The average score is 11 of 20
Answer Stats
Picture Answer % Correct
Nicole Kidman
92%
Angelina Jolie
89%
Kate Winslet
87%
Cate Blanchett
84%
Helena Bonham Carter
82%
Julianne Moore
76%
Sofia Vergara
76%
Lucy Liu
71%
Jessica Chastain
61%
Viola Davis
61%
Rachel McAdams
58%
Michelle Yeoh
53%
Sarah Paulson
53%
Octavia Spencer
45%
Angela Bassett
42%
Laura Dern
42%
Constance Wu
13%
Lisa Ann Walter
5%
Zoe Lister-Jones
5%
Kimberly Quinn
3%
No matching quizzes found
Score Distribution
Percent of People with Each Score
Percentile by Number Answered
Your Score History
You have not taken this quiz